Meridián pod Vartovkou

Bibliographic Details
Main Author: Stanček, Ľubomír (Author)
Format: Article
Language:Slovak
Subjects:

MARC

LEADER 00000nab a2200000 a 4500
001 vtls000176334
003 SK-MaSNL
005 20260302201744.0
008 111104c1984 xo 0 slo
015 |a SNBRB19rr/mm-uuuuu 
035 |a CL0186447 
040 |a SNKBUCL  |b slo  |c SNKBUCL  |e AACR2 
041 0 |a slo 
044 |a xo  |c SK 
080 |a 792.077  |2 1981 
080 |a 792.2  |2 1981 
100 1 |a Stanček, Ľubomír  |4 aut  |9 267870 
245 1 0 |a Meridián pod Vartovkou  |c Ľubomír Stanček ; Ján Solovič, Ján Roháč 
500 |a /Réžia Ján Roháč/. 
600 1 7 |a Solovič, Ján,  |d 1934-2022  |2 snkbucl  |9 98668 
650 0 7 |a Ochotnícky divadelný súbor pri Mestskom dome osvety  |2 snkbucl  |9 922557 
651 7 |a 5311  |2 snkbucl  |9 277975 
655 7 |a články z novín a časopisov  |2 snkbucl  |9 267496 
773 0 |t Smena  |g Roč. 37, č. 57 (7. 3. 1984), s. 6 
850 |a Slovenská národná knižnica v Martine  |a MTA001 
852 |a SNK  |b KIS3GCP 
958 |a RK 
992 |a RBX 
999 |c 1462040  |d 1463970